| 000 | 01412nam a2200217 a 4500 | ||
|---|---|---|---|
| 005 | 20140124095310.0 | ||
| 008 | 140124b2005 ck ||||| |||| 00| 0 spa d | ||
| 041 | _aspa | ||
| 044 | _ack | ||
| 090 |
_aIAVH _b00428 |
||
| 100 |
_aVelásquez Rúa, César _94626 |
||
| 245 |
_aCompilación de la información y supervisión de ilustraciones botánicas para categorizar las especies del volumen 3 del libro rojo de plantas fanerógamas de Colombia _binforme |
||
| 260 |
_aMedellín _bInstituto Alexander von Humboldt _c2005 |
||
| 300 | _a2 p. | ||
| 520 | _aInforme de productos entregados al IAvH resultantes del contrato 164: se supervisó la elaboración de 40 ilustraciones botánicas de las familias Magnoliacease, Podocarpaceae Myristicaceae y Annonaceae, realizadas por el ilustrador John Jairo Colorado, se revisó y prestó en los herbarios de Medellín el material botánico de las especies seleccionadas. Se entregó una base de datos de las familias mencionadas, la cual presenta 3655 datos con las características de esas familias. Se entregaron fichas para las familias mencionadas y una lista de 272 especies de la familia Annonaceae con datos preliminares para categorizar las especies amenazadas de esta familia | ||
| 650 |
_aPlantas fanerógamas de Colombia _95001 |
||
| 650 |
_aIlustraciones botánicas _95002 |
||
| 650 |
_aBase de datos _95003 |
||
| 942 |
_cCD-ROM _01 _2z |
||
| 945 | _d2005-11-10 | ||
| 999 |
_c4795 _d4795 |
||